000 00861nam a2200217 i 4500
001 89168
003 ES-MaACL
005 20250813063310.0
007 t|
008 050105s1973 sp ||||1| spa d
100 1 _aLarramendi, Manuel de,
_d1690-1766
_970303
245 1 0 _aAutobiografía y otros escritos /
_cManuel de Larramendi ; edición, introducción e índices por J. Ignacio Tellechea Idígoras.
260 _aSan Sebastián :
_bSociedad Guipuzcoana de Ediciones y Publicaciones,
_c[1973]
300 _aXLV, 308 p. ;
_c21 cm.
490 1 _aObras del Padre Manuel de Larramendi ;
_v22
600 1 4 _aLarramendi, Manuel de,
_d1690-1766
_970303
700 1 _aTellechea Idígoras, José Ignacio,
_d1928-2008
_9109621
830 1 _aObras del Padre Manuel de Larramendi ;
_v22
_9184106
852 _aES-MaACL
_jC-54880
999 _c89168
_d89168